000 00604nam a2200229Ia 4500
003 OSt
005 20220918223516.0
006 a|||||r|||| 00| 0
007 ta
008 220917b |||||||| |||| 00| 0 eng d
024 _a223,051
037 _cTextual
040 _aARTS
_cARTS
_beng
041 _2eng
_aeng
082 _aR3xN02:g, P5
100 _aKeuth Herbert
_9145906
245 0 _aThe philosophy of Karl Popper
260 _aU.K.
_bCambridge Univ. press
_c2005
300 _axv, 367p
_ccm.
942 _hR3xN02:g, P5
_cTEXL
_2CC
999 _c278662
_d278662